| 000 | 00656cam a2200217 4500500 | ||
|---|---|---|---|
| 005 | 20260405002341.0 | ||
| 041 | _afre | ||
| 042 | _adc | ||
| 100 | 1 | 0 |
_aRogé, Antoine _eauthor |
| 245 | 0 | 0 | _aCongolais structuralistes à la Lévi-Strauss |
| 260 | _c2016. | ||
| 500 | _a23 | ||
| 690 | _aAntoine Rogé | ||
| 690 | _aClaude Lévi-Strauss | ||
| 690 | _aCuisine | ||
| 690 | _aEthnologie | ||
| 690 | _aPâtisserie | ||
| 690 | _aStructuralisme | ||
| 786 | 0 | _nPhilosophie magazine | 105 | 12-1 | 2016-12-01 | p. 75-75 | 1951-1787 | |
| 856 | 4 | 1 | _uhttps://shs.cairn.info/magazine-philosophie-magazine-2016-12-1-page-75?lang=fr&redirect-ssocas=7080 |
| 999 |
_c2056895 _d2056895 |
||